VPLYV PYROGÉNU Z ESCHERICHIA COLI NA ELEKTROFORETICKÝ OBRAZ KRVNÉHO SÉRA KRÁLIKOV

Bibliographic Details
Main Authors: Venulet, Jan, 1921-2011 (Author), Piechocki, Tadeusz (Author)
Format: Article
Language:Slovak

MARC

LEADER 00000nab a2200000uu 4500
001 vtls011158820
003 SK-MaSNL
005 20260304030110.0
008 250310|1958 xo |||||||||||||||||slo|
015 |a SNBRB 
035 |a (urnnbn)urn:nbn:sk:snk:ar-a0au28 
035 |a (uuid)4a9c77c5-524a-4c51-b57f-b199d93cd329 
035 |a urn:nbn:sk:snk-abb6k5 
040 |a SNKBUCL  |b slo  |c SNKBUCL  |e AACR2 
041 0 |a slo 
044 |a xo  |c SK 
100 1 |a Venulet, Jan,  |d 1921-2011  |4 aut  |9 1308205 
245 1 0 |a VPLYV PYROGÉNU Z ESCHERICHIA COLI NA ELEKTROFORETICKÝ OBRAZ KRVNÉHO SÉRA KRÁLIKOV  |c Ján Venulet, Tadeusz Piechocki 
700 1 |a Piechocki, Tadeusz  |4 aut  |9 1308206 
773 0 |t Farmácia  |g Roč. 27, č. 6 (1958), s. 173-175 
958 |a OND 
958 |a EUIPO 
958 |a article14 
999 |c 2631678  |d 2633608